000 00987nam a22003017a 4500
003 CHAP
005 20220329135411.0
008 971013s r 00010 d
010 _a35799
011 _a36771
035 _a40890
040 _cCHAP
090 _aFolleto 3015
110 _aMéxico. Secretaría de Recursos Hidráulicos
_977210
245 _aPlan de nivelación de tierras en la Comarca Lagunera
260 _aMéxico, D.F. :
_bTalls. Gráfs. de la Nación,
_c(s.a.)
300 _a50 p.
_b: ilus
590 _aBATCH-UPD
_b10
_c20130110
_lUCH01
_h1305
590 _aBATCH-UPD
_b10
_c20130410
_lUCH01
_h0821
590 _aBATCH-UPD
_b10
_c20130914
_lUCH01
_h1209
590 _aCONVERSION
_b10
_c20130109
_lUCH01
_h1320
650 1 4 _aDistritos de riego.
_932966
650 1 4 _aTierras
_xNivelación.
_9113119
901 _aBK
942 _cFOLL
949 _aFolleto 3015
_bBC
_cFOLL
_d-93685
_eTS1
_i40890
_mD
_si
949 _aFolleto 3015
_bBC
_cFOLL
_d-93686
_eTS2
_fc.2
_i40890
_mD
_si
999 _c35799
_d35799